Furgón /
"Se mira las manos, que están sucias y resecas y dice capaz me ato a un cohete para llegar al cielo.". Así empieza, como una premonición, esta aventura en tren. La narración, dividida en historias cortas con nombres de diferentes estaciones de la provincia de Buenos Aires, tiene ritmo de v...
Guardado en:
| Autor Principal: | |
|---|---|
| Formato: | Libro |
| Idioma: | Undetermined |
| Publicado: |
Buenos Aires :
Paisanita,
2023.
|
| Edición: | 1a ed. 1a reimp. |
| Series: | Identidades bonaerenses
|
| Materias: | |
| Etiquetas: |
Agregar Etiqueta
Sin Etiquetas, Sea el primero en etiquetar este registro!
|
| LEADER | 01283nam a22002295a 4500 | ||
|---|---|---|---|
| 001 | CEM.cems024840 | ||
| 008 | 250806s2023####ag############000#0#und#d | ||
| 005 | 20250806155551.0 | ||
| 245 | 1 | 0 | |a Furgón / |c Ariel Bermani. |
| 250 | |a 1a ed. 1a reimp. | ||
| 260 | |a Buenos Aires : |b Paisanita, |c 2023. | ||
| 300 | |a 77 p. | ||
| 490 | 1 | |a Identidades bonaerenses | |
| 500 | |a Edición especial de la Dirección de Cultura y Educación de la Provincia de Buenos Aires. | ||
| 500 | |a Requiere acompañamiento y mediación de un lector adulto para su abordaje. | ||
| 520 | |a "Se mira las manos, que están sucias y resecas y dice capaz me ato a un cohete para llegar al cielo.". Así empieza, como una premonición, esta aventura en tren. La narración, dividida en historias cortas con nombres de diferentes estaciones de la provincia de Buenos Aires, tiene ritmo de viaje. Las estaciones donde se detiene el recorrido que sale de Constitución hacia Adrogué se vuelven entonces paradas de una historia que se va corriendo cada vez más hacia el género fantástico. | ||
| 020 | |a 9789874562616 | ||
| 100 | 1 | |a Bermani, Ariel. | |
| 653 | |a Literatura argentina | ||
| 653 | |a Narrativa argentina | ||
| 653 | |a Identidades bonaerenses | ||
| 859 | |a CEMS |b BIB. CEMS - 11 de abril |h A863.4 |i B516 |p 30310.25 |t Ej.1 | ||
